[Event "16th Balaguer Open"]
[Site "Balaguer ESP"]
[Date "2011.07.18"]
[Round "2"]
[White "Oms Pallisse,J"]
[Black "Fandino Reyes,R"]
[Result "1-0"]
[WhiteElo "2489"]
[BlackElo "2145"]

1.d4 d5 2.c4 c6 3.Nf3 Nf6 4.Nc3 a6 5.e3 b5 6.b3 Bg4 7.Be2 Nbd7 8.O-O e6 9.Bb2 Bd6
10.h3 Bh5 11.Ne5 Bxe2 12.Nxe2 Rc8 13.Qd3 O-O 14.Rfc1 Re8 15.Rc2 Bxe5 16.dxe5 Ne4
17.cxd5 cxd5 18.Rac1 Rxc2 19.Qxc2 h6 20.f3 Ng5 21.Qc7 Nh7 22.Qxd8 Rxd8 23.Rc7 Nhf8
24.Nf4 Rb8 25.Bd4 a5 26.Nd3 a4 27.Nb4 axb3 28.axb3 Ra8 29.Nc6 Ra2 30.Kh2 Kh7
31.Rb7 h5 32.h4 Rc2 33.Nb4 Re2 34.Kg3 g5 35.hxg5 h4+ 36.Kh2 Kg6 37.Nd3 Kxg5
38.b4 Rc2 39.Rxb5 Ng6 40.Rb7 Ndf8 41.Rxf7 Kh6 42.b5 Nh7 43.f4 Rd2 44.Ne1 Rd1
45.Nf3 Rb1 46.b6 Nh8 47.Rc7  1-0

[Event "16th Balaguer Open"]
[Site "Balaguer ESP"]
[Date "2011.07.19"]
[Round "3"]
[White "Colovic,A"]
[Black "Burmakin,V"]
[Result "0-1"]
[WhiteElo "2450"]
[BlackElo "2579"]

1.d4 d5 2.c4 c6 3.Nc3 Nf6 4.Nf3 a6 5.a4 Bf5 6.Qb3 Ra7 7.Bf4 e6 8.a5 Nbd7
9.e3 Nh5 10.Bg5 f6 11.Bh4 g5 12.Bg3 Nxg3 13.hxg3 Bd6 14.Be2 Bc7 15.Qa4 Kf7
16.Nd2 Ra8 17.e4 dxe4 18.Ndxe4 Kg7 19.Qb4 Rb8 20.Nd6 Bxd6 21.Qxd6 Re8 22.g4 Bg6
23.O-O Nf8 24.Qc5 Qe7 25.Na4 Rbd8 26.Qb6 e5 27.dxe5 fxe5 28.Nc5 Rd2 29.Rfe1 Nd7
30.Nxd7 Qxd7 31.Qe3 h6 32.Rad1 Rd4 33.b4 Qd6 34.Qc3 Rd8 35.Qb2 Rd7 36.Qc3 Qf6
37.Qe3 Qf4 38.Qc3 Rf7 39.Rf1 Rxd1 40.Bxd1 Qd4 41.Qxd4 exd4 42.Bb3 d3 43.Re1 h5
44.gxh5 Bxh5 45.f3 g4 46.Re5 Kg6 47.Re6+ Kg5 48.Re5+ Rf5 49.Rxf5+ Kxf5 50.Kf2 gxf3
51.gxf3 Kf4 52.Bd1 Bf7 53.Bb3 c5 54.bxc5 Be8 55.c6 Bxc6 56.Bd1 Bd7 57.Ke1 Ke3
58.f4 d2+ 59.Kf1 Bf5  0-1

[Event "2nd SPI Open"]
[Site "Satu Mare ROU"]
[Date "2011.07.19"]
[Round "7"]
[White "Bonte,An"]
[Black "Manea,Al"]
[Result "1/2-1/2"]
[WhiteElo "2329"]
[BlackElo "2413"]

1.d4 d5 2.c4 c6 3.Nf3 Nf6 4.Nc3 a6 5.cxd5 cxd5 6.Bf4 Nh5 7.Bd2 Nc6 8.e3 Nf6
9.Be2 e6 10.O-O Bd6 11.Rc1 O-O 12.h3 Bd7 13.Bd3 Rc8 14.Qe2 b5 15.e4 dxe4
16.Nxe4 Nxe4 17.Bxe4 h6 18.Bb1 f5 19.a3 Ne7 20.Ba2 Nd5 21.Ne5 Re8 22.Rfe1 Rxc1
23.Rxc1 Bc8 24.Qh5 Bxe5 25.dxe5 Re7 26.Qg6 Qe8 27.Qg3 Kh7 28.Bxd5 exd5 29.Qc3 Bb7
30.Re1 d4 31.Qd3 Be4 32.Rxe4 fxe4 33.Qxe4+ Qg6 34.Qxd4 Qf5 35.Bc3 Rd7 36.Qg4 g6
37.Kh2 Rd3 38.f4 Re3 39.Qh4 h5 40.Qf2 Qe4 41.Qh4 Qf5 42.Qf2 Qe4 43.Qh4  1/2-1/2

[Event "2nd SPI Open"]
[Site "Satu Mare ROU"]
[Date "2011.07.20"]
[Round "8"]
[White "Moldovan,G"]
[Black "Manea,Al"]
[Result "0-1"]
[WhiteElo "2030"]
[BlackElo "2413"]

1.d4 d5 2.c4 c6 3.Nf3 Nf6 4.Nc3 a6 5.cxd5 cxd5 6.h3 Nc6 7.Bf4 Ne4 8.e3 Qa5
9.Rc1 e6 10.Bd3 Nxc3 11.bxc3 Ba3 12.Rc2 Bd7 13.O-O f5 14.c4 O-O 15.cxd5 exd5
16.Ne5 Nxe5 17.Bxe5 Rac8 18.Qh5 Rxc2 19.Bxc2 Qd8 20.Bb3 Be6 21.Re1 Qd7 22.Qg5 Rf7
23.Qg3 b5 24.Re2 a5 25.e4 Bf8 26.exd5 Bxd5 27.Rc2 f4 28.Qd3 Bxb3 29.Qxb3 a4
30.Qf3 Qe6 31.Re2 Qc4 32.d5 Qc5 33.Bxf4 Qd4 34.Re4 Qxd5 35.Qe2 Qc6 36.g3 Qd7
37.h4 Re7 38.Rxe7 Bxe7 39.h5 Bf8 40.g4 Qd5 41.g5 Qf5 42.Be3 Kf7 43.Kg2 Be7
44.f4 Bd6 45.Qf3 Ke6 46.Qe2 Qd5+ 47.Kf2 Kf7 48.Qc2 g6 49.hxg6+ hxg6 50.Qb2 Be7
51.Kg3 Qe4 52.Qd2 Ke6 53.Qe2 Qc4 54.Qd2 Qd5 55.Qc2 Kf7 56.Qh2 Kg8 57.Qc2 Kf7
58.Qh2 Qe4 59.Qh7+ Ke6 60.Qg8+ Kd7 61.Kf2 Qe6 62.Qb8 Qxa2+ 63.Kg3 Qd5 64.Qa7+ Ke8
65.Bd4 Qd7 66.Qb8+ Kf7 67.Qe5 Qf5 68.Qg7+ Ke6 69.Bf6 Bxf6 70.gxf6 Qxf6 71.Qg8+ Kd6
72.Qb8+ Kc5 73.Qc7+ Kb4 74.Qd7 a3 75.Qa7 Kb3 76.Qb7 Qf5 77.Qf3+ Kb4 78.Qe2 Ka5
79.Qd2+ b4 80.Qd8+ Ka4 81.Qe8+ Ka5 82.Qa8+ Kb6 83.Qb8+ Kc5 84.Qc7+ Kb5 85.Qb7+ Kc4
86.Qc6+ Kd4 87.Qd6+ Kc3 88.Qc6+ Kb2 89.Qd6 Qe4 90.Qd2+ Kb3 91.Qd1+ Kc3 92.Qc1+ Qc2
93.Qa1+ Kb3 94.Qe5  0-1

[Event "16th Balaguer Open"]
[Site "Balaguer ESP"]
[Date "2011.07.21"]
[Round "5"]
[White "Turuguet Lopez,J"]
[Black "Fandino Reyes,R"]
[Result "0-1"]
[WhiteElo "1928"]
[BlackElo "2145"]

1.Nf3 Nf6 2.d4 d5 3.c4 c6 4.Nc3 a6 5.cxd5 cxd5 6.Bf4 Nc6 7.e3 e6 8.Rc1 Be7
9.Bd3 O-O 10.O-O h6 11.Bb1 Re8 12.Ne5 Nxe5 13.Bxe5 Bd7 14.f3 Bc6 15.h4 Nd7
16.Qc2 Nf8 17.h5 Rc8 18.Qf2 Bh4 19.g3 Be7 20.g4 f6 21.Bg3 Bd6 22.f4 Qe7 23.Bh4 Qd8
24.g5 hxg5 25.fxg5 f5 26.Bxf5 exf5 27.Qxf5 Qd7 28.Nxd5 Qxf5 29.Rxf5 Bd7 30.Rxc8 Bxc8
31.Rf2 Re4 32.Nf4 Rxe3 33.g6 Re4 34.Bg5 Bg4 35.Nd5 Bxh5 36.Rf7 Rg4+  0-1

[Event "16th Balaguer Open"]
[Site "Balaguer ESP"]
[Date "2011.07.21"]
[Round "5"]
[White "Oms Pallisse,J"]
[Black "Burmakin,V"]
[Result "0-1"]
[WhiteElo "2489"]
[BlackElo "2579"]

1.d4 c6 2.Nf3 d5 3.c4 Nf6 4.Nc3 a6 5.e3 b5 6.b3 Bf5 7.Bd2 e6 8.Nh4 Bg4 9.Qc2 Be7
10.h3 Bh5 11.g4 Nfd7 12.gxh5 Bxh4 13.cxd5 cxd5 14.a4 b4 15.Ne2 a5 16.Nf4 Ra7
17.Rc1 O-O 18.Bd3 h6 19.Kf1 Be7 20.Qd1 Bd6 21.Qf3 Rc7 22.Rxc7 Qxc7 23.Kg2 Nf6
24.Rc1 Qb7 25.Bb5 Rc8 26.Nd3 Rxc1 27.Bxc1 Nbd7 28.Bb2 Qc7 29.Qd1 Kf8 30.Bxd7 Nxd7
31.Qe2 Kg8 32.Kf1 Nf6 33.Nc5 Bxc5 34.dxc5 Qxc5 35.Qb5 Qc2 36.Qb8+ Kh7 37.Bxf6 gxf6
38.Kg2 Qe4+ 39.Kg1 Qf5 40.Qc7 Kg7 41.Qxa5 Qb1+ 42.Kg2 Qxb3 43.Qc7 Qxa4 44.Qg3+ Kh7
45.Qc7 Qe8 46.Qb7 Qf8 47.Kf1 Kg7 48.Qb6 Qe7 49.Ke2 f5 50.Kd3 Qh4 51.f4 Qxh5
52.Kd2 Qxh3 53.Qd4+ Kh7 54.Qxb4 Qg2+  0-1

[Event "Najdorf Memorial"]
[Site "Warsaw POL"]
[Date "2011.07.21"]
[Round "8"]
[White "Babula,V"]
[Black "Kantans,T"]
[Result "1-0"]
[WhiteElo "2572"]
[BlackElo "2345"]

1.d4 d5 2.Nf3 Nf6 3.c4 c6 4.Nc3 a6 5.c5 Nbd7 6.Bf4 Nh5 7.Bd2 Nhf6 8.Qc2 g6
9.Bg5 Bg7 10.e3 O-O 11.Be2 Re8 12.O-O h6 13.Bh4 Nf8 14.Ne5 Bf5 15.Bd3 Bxd3
16.Qxd3 Ne4 17.Nxe4 dxe4 18.Qxe4 f5 19.Qc2 Bxe5 20.dxe5 Qd5 21.f4 Rad8 22.Bxe7 Qd3
23.Qxd3 Rxd3 24.Bxf8 Kxf8 25.Rae1 Ke7 26.Re2 Ke6 27.Kf2 Red8 28.Rc1 R8d5
29.Rec2 Rd2+ 30.Ke1 R2d3 31.Ke2 Rd7 32.b3 Rd8 33.Rb2 g5 34.g3 R8d5 35.Rcc2 Rd1
36.Rd2 Rh1 37.Rxd5 Rxh2+ 38.Kd3 Rxb2 39.Rd6+ Ke7 40.Rxh6 gxf4 41.gxf4 Rxa2
42.e4 Rb2 43.exf5 Rxb3+ 44.Ke4 Rb4+ 45.Kf3  1-0

[Event "2nd Girona Open"]
[Site "Girona ESP"]
[Date "2011.07.22"]
[Round "9"]
[White "Parals Marce,L"]
[Black "Urbano Cabrera,M"]
[Result "1-0"]
[WhiteElo "2077"]
[BlackElo "1782"]

1.d4 d5 2.c4 c6 3.Nc3 Nf6 4.Nf3 a6 5.b3 Bf5 6.c5 e6 7.e3 Be7 8.Be2 Nbd7 9.b4 b5
10.Bd2 a5 11.a3 axb4 12.axb4 O-O 13.O-O Rxa1 14.Qxa1 Qa8 15.Qb2 Qb7 16.Nh4 Bg4
17.f3 Bh5 18.g4 Bg6 19.Nxg6 hxg6 20.g5 Nh7 21.f4 f6 22.h4 Qc7 23.Kg2 fxg5
24.hxg5 Nxg5 25.fxg5 Rxf1 26.Bxf1 Bxg5 27.e4 Bh4 28.e5 Qd8 29.Bd3 Qf8 30.Be3  1-0

[Event "III Corporation Cup A"]
[Site "Izhevsk RUS"]
[Date "2011.07.22"]
[Round "7"]
[White "Smirnov,Alexey"]
[Black "Volkov,Sergey1"]
[Result "0-1"]
[WhiteElo "2415"]
[BlackElo "2607"]

1.d4 d5 2.Nf3 Nf6 3.c4 c6 4.Nc3 a6 5.g3 dxc4 6.Bg2 b5 7.O-O e6 8.Bg5 Be7
9.Ne5 Bb7 10.a4 Nd5 11.Bxe7 Qxe7 12.Ne4 f6 13.Nf3 Nd7 14.Qc2 O-O 15.b3 f5
16.Ned2 c3 17.e4 Nf4 18.gxf4 cxd2 19.e5 c5 20.axb5 axb5 21.dxc5 Nxc5 22.Rxa8 Rxa8
23.Nxd2 Bxg2 24.Kxg2 Rd8 25.Nf3 Nd3 26.Kg3 Qb4 27.Qd2 Qxd2 28.Nxd2 Nxf4 29.Nf3 Ne2+
30.Kg2 Rd3 31.Ra1 Nf4+ 32.Kg3 g5 33.h4 h6 34.hxg5 hxg5 35.b4 Kg7 36.Ra8 Rb3
37.Rb8 Nd5 38.Kg2 Nf4+ 39.Kg3 Kf7 40.Ra8 Ke7 41.Ra7+ Kd8 42.Rb7 Ra3 43.Rb6 Kd7
44.Rb8 Rb3 45.Rg8 Ne2+ 46.Kg2 g4  0-1

[Event "Najdorf Memorial"]
[Site "Warsaw POL"]
[Date "2011.07.22"]
[Round "9.31"]
[White "Swiech,Pr"]
[Black "Jarmula,P"]
[Result "1/2-1/2"]
[WhiteElo "2213"]
[BlackElo "2119"]

1.d4 d5 2.c4 c6 3.Nc3 Nf6 4.Nf3 a6 5.e3 b5 6.cxd5 cxd5 7.Bd3 Bb7 8.O-O e6
9.Ne5 Bd6 10.Bd2 O-O 11.f4 Ne4 12.Qc2 f5 13.Be1 Nd7 14.Qe2 Ndf6 15.Nd1 Qe8
16.Kh1 Qh5 17.Qxh5 Nxh5 18.a4 bxa4 19.Nd7 Rf7 20.Nb6 Rb8 21.Nxa4 Bc6 22.Ndc3 Nhf6
23.Bxe4 Nxe4 24.Nxe4 dxe4 25.Bc3 Bb5 26.Rg1 Rc7 27.h3 Rc4 28.Nc5 Bxc5 29.dxc5 Rxc5
30.g4 g6 31.Kg2 Rd8 32.Kf2 Kf7 33.Rac1 Rc6 34.h4 fxg4 35.Rxg4 h5 36.Rg5 Rd5
37.Rcg1 Rxg5 38.fxg5 Rc5 39.Ke1 Rf5 40.Rg2 Rf1+ 41.Kd2 Ke7 42.Be5 Bd3  1/2-1/2

[Event "4th Paleohora Open"]
[Site "Paleochora GRE"]
[Date "2011.07.23"]
[Round "5"]
[White "Nikolov,Mo"]
[Black "Konijn,B"]
[Result "1-0"]
[WhiteElo "2589"]
[BlackElo "2239"]

1.d4 d5 2.Nf3 Nf6 3.c4 c6 4.Nc3 a6 5.c5 Bf5 6.Qb3 Ra7 7.Bf4 Nbd7 8.h3 h6
9.e3 e6 10.Be2 Be7 11.O-O O-O 12.Na4 Ne4 13.Bd3 Bxc5 14.Bxe4 dxe4 15.Ne5 Be7
16.Nxd7 Qxd7 17.Nc5 Bxc5 18.dxc5 e5 19.Bxe5 Be6 20.Qc3 Kh7 21.Rad1 Bd5 22.f3 Qf5
23.g4 Qg6 24.f4 f5 25.Rf2 fxg4 26.Rg2 h5 27.hxg4 hxg4 28.Rh2+ Kg8 29.Kg2 Raa8
30.Rdh1 Rad8 31.Bxg7 g3 32.Rh8+ Kf7 33.Bxf8 Rxf8 34.R1h7+  1-0

[Event "15th Godesburg Open"]
[Site "Bad Godesberg GER"]
[Date "2011.07.24"]
[Round "2.20"]
[White "Mueller,Ac2"]
[Black "Schaefer,Timo"]
[Result "0-1"]
[WhiteElo "2074"]
[BlackElo "1819"]

1.d4 d5 2.Nf3 Nf6 3.c4 c6 4.Nc3 a6 5.c5 g6 6.Bf4 Bg7 7.e3 O-O 8.Be2 Nbd7
9.h3 Re8 10.O-O Ne4 11.Qc2 e5 12.Nxe4 dxe4 13.Nxe5 Nxe5 14.dxe5 Bxe5 15.Rad1 Qa5
16.b4 Qc7 17.Qxe4 Bxh3 18.Bxe5 Rxe5 19.Qf4 Be6 20.Rd4 Bxa2 21.Rfd1 Re7 22.Qf6 Bd5
23.e4 Rxe4 24.Rxe4 Bxe4 25.Bc4 Re8 26.Re1 Qd7 27.Qd6 Bf5 28.Rxe8+ Qxe8 29.Kf1 Qd7
30.Qb8+ Kg7 31.Qe5+ f6 32.Qe2 Qc7 33.Qe8 Qf4  0-1

[Event "III Corporation Cup A"]
[Site "Izhevsk RUS"]
[Date "2011.07.24"]
[Round "9"]
[White "Kovalenko,I"]
[Black "Volkov,Sergey1"]
[Result "1-0"]
[WhiteElo "2567"]
[BlackElo "2607"]

1.d4 d5 2.c4 c6 3.Nf3 Nf6 4.Nc3 a6 5.cxd5 cxd5 6.Bf4 Nc6 7.Rc1 Nh5 8.Bd2 Nf6
9.Bf4 Nh5 10.Be5 f6 11.Bg3 e5 12.e3 Nxg3 13.hxg3 Be6 14.Qb3 Qd7 15.Na4 Bb4+
16.Kd1 Qe7 17.a3 Bd6 18.Nc5 Bxc5 19.Rxc5 exd4 20.exd4 Nxd4 21.Nxd4 Bg4+ 22.f3 Qxc5
23.Qe3+ Kf7 24.fxg4 Rhe8 25.Qc3 Qxc3 26.bxc3 Re3 27.Kd2 Rxg3 28.Rh4 h5 29.gxh5 g6
30.Ne2 Rg5 31.hxg6+ Kxg6 32.Rb4 b5 33.Nf4+ Kh6 34.Be2 Rc8 35.Bf3 a5 36.Rd4 Rc4
37.Kd3 Re5 38.Nxd5 Rxd4+ 39.cxd4 Re1 40.Nc3 b4 41.axb4 axb4 42.Nd5 b3 43.Kc3 Kg6
44.Kxb3 Kf7 45.Kc4 Rc1+ 46.Nc3 Ke6 47.d5+ Ke5 48.Kd3 Ra1 49.Kc4 Rc1 50.Kb4 f5
51.Nb5 Kf6 52.Ka5 Ke7 53.Kb6 Kd7 54.Nd4 Kd6 55.Nxf5+ Ke5 56.d6 Ke6 57.Bc6 Kxf5
58.d7 Rd1 59.Kc7  1-0

[Event "Biel MTO Open"]
[Site "Biel SUI"]
[Date "2011.07.26"]
[Round "8"]
[White "Arnold,Mar"]
[Black "Bogner,S"]
[Result "1/2-1/2"]
[WhiteElo "2445"]
[BlackElo "2528"]

1.d4 d5 2.c4 c6 3.Nf3 Nf6 4.Nc3 a6 5.e3 b5 6.b3 Bg4 7.Be2 Nbd7 8.O-O e6 9.h3 Bh5
10.Bb2 Bd6 11.Ne5 Bxe2 12.Nxe2 bxc4 13.bxc4 O-O 14.Nf4 Qc7 15.Nfd3 Ne4 16.Rc1 Qb7
17.Nxd7 Qxd7 18.f3 Ng3 19.Re1 Rfc8 20.c5 Bc7 21.Bc3 Rcb8 22.Qc2 Rb5 23.a4 Rb7
24.Rb1 Rab8 25.Rxb7 Rxb7 26.Bd2 f6 27.Rb1 Qc8 28.Rxb7 Qxb7 29.Qb2 Qxb2  1/2-1/2

[Event "98th ch-GBR"]
[Site "Sheffield ENG"]
[Date "2011.07.26"]
[Round "2.12"]
[White "Palliser,R"]
[Black "Shaw,P"]
[Result "1-0"]
[WhiteElo "2454"]
[BlackElo "2162"]

1.d4 d5 2.c4 c6 3.Nf3 Nf6 4.Nc3 a6 5.c5 Nbd7 6.Bf4 Nh5 7.Bg5 g6 8.e4 dxe4
9.Nxe4 Nhf6 10.Nc3 Bg7 11.Bc4 O-O 12.O-O b5 13.Bb3 Qc7 14.Re1 e6 15.Qc1 a5
16.Bf4 Qa7 17.Bd6 Rd8 18.a3 Nd5 19.Bxd5 exd5 20.Qf4 f6 21.Re7 Qa6 22.Rae1 Nf8
23.Rxg7+ Kxg7 24.Re7+ Kg8 25.Qh6  1-0

[Event "2nd ch-Vojvodina"]
[Site "Novi Sad SRB"]
[Date "2011.07.27"]
[Round "5.5"]
[White "Mrkonjic,N"]
[Black "Lukovic,V"]
[Result "1/2-1/2"]
[WhiteElo "2381"]
[BlackElo "2225"]

1.Nf3 d5 2.d4 Nf6 3.c4 c6 4.Nc3 a6 5.a4 e6 6.Bf4 c5 7.cxd5 Nxd5 8.Nxd5 exd5
9.g3 Nc6 10.Bg2 cxd4 11.O-O Qb6 12.e3 Be7 13.Nxd4 Nxd4 14.Qxd4 Qxd4 15.exd4 Be6
16.Rac1 g5 17.Bd2 Kd7 18.f4 gxf4 19.Bxf4 Rac8 20.Kf2 Rxc1 21.Rxc1 Rc8 22.Rxc8 Kxc8
23.Bf3 f5 24.Ke3 Kd7 25.Bh5 Bf6 26.b3 Ke7 27.Kd3 Bf7 28.Be2 Ke6 29.Bc7 h5
30.Kc3 Be7 31.b4 Be8 32.b5 axb5 33.axb5 Bd6 34.Bxd6 Kxd6 35.Kd2 b6 36.Ke3 Ke6
37.Kf4 Kf6 38.h3 Bf7 39.Bd1 Be8 40.Bf3 Bf7 41.h4 Be8 42.Bxd5 Bxb5 43.Ke3 Bd7
44.Bb3 b5 45.Bd1 Be8 46.Kd3 Bf7 47.Kc3 f4 48.gxf4 Kf5 49.Kb4 Kxf4 50.Kxb5 Kg3
51.Kc5 Kxh4  1/2-1/2

[Event "98th ch-GBR"]
[Site "Sheffield ENG"]
[Date "2011.07.27"]
[Round "3.16"]
[White "Walton,A"]
[Black "Houska,Jo"]
[Result "0-1"]
[WhiteElo "2172"]
[BlackElo "2418"]

1.d4 d5 2.c4 c6 3.Nf3 Nf6 4.Nc3 a6 5.c5 Bf5 6.Bf4 g6 7.e3 Bg7 8.Be2 Nbd7
9.O-O Nh5 10.Bg3 Nxg3 11.hxg3 Bg4 12.Rc1 O-O 13.Qb3 Rb8 14.Rfd1 Qc7 15.e4 dxe4
16.Nxe4 Nf6 17.Nc3 Bxf3 18.Bxf3 e6 19.Rd3 Rfd8 20.Rcd1 Qe7 21.a3 Ne8 22.Qc2 Rd7
23.b4 Rbd8 24.Ne2 Nc7 25.a4 h5 26.Qc4 Qf6 27.Qb3 Qf5 28.Qc4 Qf6 29.Qb3 Kh8
30.Qc4 Kh7 31.Qc1 Nd5 32.Qc4 Qf5 33.b5 axb5 34.axb5 e5 35.bxc6 bxc6 36.Bxd5 Rxd5
37.Qa6 Qd7 38.Rb1 exd4 39.Rb7 Qc8 40.Qa7 R5d7 41.Rxd7 Rxd7 42.Qa4 Qe8 43.Nf4 Re7
44.Rf3 Re1+ 45.Kh2 Rb1 46.Nd3 f5 47.Qc2 Ra1 48.Qb2 Qa8 49.Nb4 Qa4 50.Rd3 Re1
51.Rxd4 Rd1  0-1

[Event "ch-AUT"]
[Site "Linz AUT"]
[Date "2011.07.29"]
[Round "7"]
[White "Danner,G"]
[Black "Schachinger,M"]
[Result "1-0"]
[WhiteElo "2401"]
[BlackElo "2360"]

1.d4 d5 2.Nf3 Nf6 3.c4 c6 4.Nc3 a6 5.e3 b5 6.c5 Bg4 7.Qb3 Nbd7 8.a4 Rb8 9.axb5 axb5
10.Be2 Bxf3 11.gxf3 e5 12.Bd2 Be7 13.Ra6 Qc8 14.Qa2 O-O 15.O-O Re8 16.b4 Bd8
17.Kh1 Nf8 18.Ra1 Ng6 19.Qb1 Nh4 20.dxe5 Rxe5 21.Qg1 Rh5 22.e4 d4 23.Bf4 Rb7
24.Ra8 Qd7 25.Bg5 Ng6 26.Bxf6 gxf6 27.Qg4 Rg5 28.Qxd7 Rxd7 29.Rd1 Nf4 30.Bf1 Kg7
31.Ne2 Nxe2 32.Bxe2 Bc7 33.Ra7 Re5 34.Bd3 Rh5 35.Rg1+ Kh6 36.Rg2 Re7 37.Ra6 Re6
38.Ra7 Re7 39.f4 Rh3 40.Rg3 Rh4 41.Rf3 Bd6 42.Ra6 Bxf4 43.Rxc6 Bxh2 44.Rfxf6+ Kg7
45.Kg2 Bf4 46.Rf5 Bd2 47.Kf3 Rh3+ 48.Ke2 Bxb4 49.Rg5+ Kf8 50.Rc8+ Re8 51.Rg8+ Kxg8
52.Rxe8+ Kg7 53.c6 Ba5 54.Ra8 Bb6 55.Rb8 Ba5 56.Rxb5 Bd8 57.Rb8 Ba5 58.Ra8 Bb6
59.Ra6 Bd8 60.Ra7 h5 61.c7 Bxc7 62.Rxc7 h4 63.e5 Kf8 64.Rd7 Rh1 65.Rxd4 Ke7
66.Bf5  1-0

[Event "98th ch-GBR"]
[Site "Sheffield ENG"]
[Date "2011.07.29"]
[Round "5.4"]
[White "Wells,P"]
[Black "Houska,Jo"]
[Result "1/2-1/2"]
[WhiteElo "2489"]
[BlackElo "2418"]

1.d4 d5 2.c4 c6 3.Nf3 Nf6 4.Nc3 a6 5.a4 e6 6.g3 Bb4 7.Bg2 Nbd7 8.O-O a5 9.Qc2 O-O
10.Rd1 b6 11.cxd5 cxd5 12.Nb5 Ba6 13.Bf4 Rc8 14.Qb3 Bxb5 15.axb5 Ne4 16.h4 Nd6
17.Qd3 Nc4 18.Rab1 Bd6 19.Bg5 f6 20.b3 Na3 21.Rbc1 fxg5 22.Nxg5 Nf6 23.Bh3 Rxc1
24.Rxc1 Qe7 25.Bxe6+ Kh8 26.Rc6 h6 27.Nf7+ Rxf7 28.Bxf7 Qxf7 29.Rxd6 Ne4
30.Rd8+ Kh7 31.f3 Qc7 32.Rxd5 Qxg3+ 33.Kh1 Qxh4+ 34.Kg2 Qg3+ 35.Kh1 Qh3+
36.Kg1  1/2-1/2

[Event "98th ch-GBR"]
[Site "Sheffield ENG"]
[Date "2011.07.29"]
[Round "5.8"]
[White "Pert,N"]
[Black "Kolbus,D"]
[Result "1-0"]
[WhiteElo "2555"]
[BlackElo "2335"]

1.d4 d5 2.c4 c6 3.Nf3 Nf6 4.Nc3 a6 5.e3 b5 6.b3 Bf5 7.Bd3 Bxd3 8.Qxd3 e6
9.O-O Be7 10.a4 b4 11.Ne2 a5 12.Bb2 O-O 13.Rac1 Qb6 14.Rc2 Qa6 15.Nf4 Nbd7
16.cxd5 cxd5 17.Rfc1 Qxd3 18.Nxd3 Rfb8 19.Nfe5 Kf8 20.f3 Ke8 21.Kf2 Nxe5
22.dxe5 Nd7 23.Ke2 Kd8 24.Kd2 Rc8 25.Rc6 Rxc6 26.Rxc6 Nb8 27.Rb6 Kc8 28.Bd4 Bd8
29.Rb5 Nd7 30.f4 Rb8 31.Rxb8+ Kxb8 32.g4 Kb7 33.f5 Bg5 34.fxe6 fxe6 35.Nf4 Bxf4
36.exf4 Kc6 37.f5 Nb8 38.Ba7 Nd7 39.Bd4 Nb8 40.fxe6 Na6 41.Ke3 g5 42.Kd3 h6
43.Ke3 Nc7 44.e7 Ne8 45.h3 Nc7 46.e6 Kd6 47.Bb6 Ne8 48.Bxa5 Kxe7 49.Bxb4+ Kxe6
50.Bf8  1-0

[Event "Tabor Open"]
[Site "Tabor CZE"]
[Date "2011.07.31"]
[Round "1.4"]
[White "Hausner,I"]
[Black "Tejkal,J"]
[Result "1-0"]
[WhiteElo "2419"]
[BlackElo "1936"]

1.d4 d5 2.c4 c6 3.Nf3 Nf6 4.Nc3 a6 5.c5 Nbd7 6.Bf4 g6 7.h3 Bg7 8.e3 O-O 9.Be2 Ne8
10.O-O Nc7 11.Re1 Re8 12.Qb3 e5 13.Bg5 Bf6 14.Bxf6 Qxf6 15.dxe5 Nxe5 16.Na4 Nxf3+
17.Bxf3 Rb8 18.e4 dxe4 19.Rxe4 Be6 20.Qc3 Nd5 21.Qxf6 Nxf6 22.Rb4 Bd5 23.Bxd5 Nxd5
24.Rb3 Re7 25.Rd1 Kf8 26.Rd4 Ke8 27.Rbd3 Nc7 28.Rh4 f5 29.Re3 Rxe3 30.fxe3 h5
31.g4 fxg4 32.hxg4 Rd8 33.gxh5 gxh5 34.Rxh5 Rd2 35.Kf1 Ne6 36.Ke1 Rg2 37.Rh7 Nd8
38.Kd1 Rf2 39.Kc1 Re2 40.Rh3 Ke7 41.Nc3 Rg2 42.Rh7+ Nf7 43.Ne4 Ke6 44.Nd6 Ne5
45.Rh6+ Kd5 46.Rh5 Ke6 47.b3 Nd3+ 48.Kb1 Nxc5 49.Rxc5 Kxd6 50.Rc2 Rg3 51.Rd2+ Ke6
52.Rd3 Rg2 53.a4 b5 54.a5 c5 55.Rd8 Ke5 56.Ra8 Rg6 57.Kc2 c4 58.bxc4 bxc4
59.Kc3 Kd5 60.Rd8+ Kc5 61.Rd4 Kb5 62.Rd5+ Kc6 63.e4 Re6 64.Kd4 c3 65.Rc5+ Kd6
66.Rxc3 Rh6 67.Rb3 Kc7 68.Kd5 Rd6+ 69.Ke5 Rc6 70.Rd3 Rh6 71.Rf3 Rc6 72.Rf7+ Kd8
73.Kd5 Rh6 74.Ra7 Kc8 75.e5 Kb8 76.Rf7 Rh1 77.e6 Rd1+ 78.Ke5 Re1+ 79.Kf6  1-0

[Event "98th ch-GBR"]
[Site "Sheffield ENG"]
[Date "2011.08.03"]
[Round "9.11"]
[White "Ledger,A"]
[Black "Houska,Jo"]
[Result "1/2-1/2"]
[WhiteElo "2435"]
[BlackElo "2418"]

1.d4 d5 2.c4 c6 3.Nf3 Nf6 4.Nc3 a6 5.c5 Bf5 6.Bf4 Nbd7 7.h3 Ne4 8.e3 b6 9.cxb6 Qxb6
10.Qb3 e6 11.Qxb6 Nxb6 12.Nxe4 Bxe4 13.Nd2 Bg6 14.Rc1 Kd7 15.Rc3 Bd6 16.Bxd6 Kxd6
17.Ra3 a5 18.Nb3 a4 19.Nc5 Rhb8 20.Na6 Rb7 21.Nc5 Rba7 22.Kd2 Nd7 23.Nxd7 Kxd7
24.Bd3 Bxd3 25.Kxd3 Kd6 26.Rc1 Ra5 27.f3 f6 28.g4  1/2-1/2

[Event "Tabor Open"]
[Site "Tabor CZE"]
[Date "2011.08.04"]
[Round "6.3"]
[White "Lalic,B"]
[Black "Piankov,E"]
[Result "1/2-1/2"]
[WhiteElo "2470"]
[BlackElo "2327"]

1.d4 d5 2.c4 c6 3.Nf3 Nf6 4.Nc3 a6 5.a4 e6 6.g3 Bb4 7.Bg2 Ne4 8.Bd2 Nxd2
9.Nxd2 Nd7 10.O-O Nf6 11.e4 dxe4 12.Ndxe4 Be7 13.Qd3 O-O 14.Rfd1 Qc7 15.Nxf6+ Bxf6
16.Ne4 Be7 17.Rac1 Qa5 18.Qc2  1/2-1/2

[Event "FSIMA August"]
[Site "Budapest HUN"]
[Date "2011.08.08"]
[Round "3"]
[White "Horvath,Dav"]
[Black "Farago,S"]
[Result "1-0"]
[WhiteElo "2325"]
[BlackElo "2269"]

1.d4 d5 2.c4 c6 3.Nf3 Nf6 4.Nc3 a6 5.e3 g6 6.Bd3 Bg7 7.O-O O-O 8.Qc2 b5 9.b3 Bb7
10.Bb2 Nbd7 11.e4 b4 12.e5 Ne8 13.Ne2 Nc7 14.Nf4 e6 15.a3 f6 16.cxd5 cxd5
17.Rac1 Rc8 18.Qe2 Qe8 19.exf6 Rxf6 20.Nh3 Qf8 21.Ne5 Nxe5 22.dxe5 Rf7 23.a4 Bh6
24.Rc2 d4 25.Be4 Nd5 26.Bxd4 Rxc2 27.Qxc2 Rc7 28.Qd3 Qc8 29.g3 a5 30.Qf3 Rc1
31.Rxc1 Qxc1+ 32.Kg2 Qe1 33.Qg4 Kf7 34.Bf3 Ba6 35.Ng1 Ne7 36.Bc5 Nf5 37.Qe4 Qc1
38.Qc6 Bf8 39.Qd7+ Be7 40.Bxe7 Nxe7 41.Be2 Bxe2 42.Nxe2 Qc2 43.Nd4 Qe4+ 44.Nf3 g5
45.Qd4 Qc6 46.h4 Nf5 47.Qa7+ Kg6 48.hxg5 Qd5 49.Qb8 Kh5 50.Qb5 Qe4 51.Qf1 Kg4
52.Qd1 Qb7 53.Qd3 Qc6 54.Qc4+ Qxc4 55.bxc4 b3 56.c5 b2 57.Nd2 Kxg5 58.c6 Ne7
59.c7 Kg6 60.Kf3 Kf5 61.Ke2 Kxe5 62.Nc4+ Kd4 63.Nxb2 Kc3 64.Nd3 Kb3 65.Nc5+ Kb4
66.Nxe6 Kxa4 67.f4 Kb4 68.f5 a4 69.f6 a3 70.fxe7 a2 71.e8=Q a1=Q 72.Qb8+  1-0

[Event "50th World Juniors"]
[Site "Chennai IND"]
[Date "2011.08.10"]
[Round "8.55"]
[White "Manigandan,S"]
[Black "Prasannaa,S"]
[Result "1-0"]
[WhiteElo "2109"]
[BlackElo "2032"]

1.d4 d5 2.Nf3 Nf6 3.c4 c6 4.Nc3 a6 5.Bf4 dxc4 6.a4 Nd5 7.Bd2 Bf5 8.Nh4 Bg4
9.h3 Bh5 10.Nf3 Nb4 11.e3 Nd3+ 12.Bxd3 cxd3 13.Qb3 Bxf3 14.gxf3 Qc7 15.a5 e6
16.Na4 Nd7 17.Qxd3 Bd6 18.f4 c5 19.d5 e5 20.f5 Nf6 21.e4 g6 22.Nb6 Rd8 23.Bg5 Be7
24.Bxf6 Bxf6 25.Rc1 O-O 26.b4 gxf5 27.bxc5 fxe4 28.Qxe4 Bg7 29.Qf5 e4 30.Rg1 Rfe8
31.Ke2 f6 32.Rg4 Re5 33.Qxf6 Kh8 34.d6 Rxd6 35.cxd6  1-0

[Event "Split Open"]
[Site "Split CRO"]
[Date "2011.08.10"]
[Round "6.23"]
[White "Glavan,M"]
[Black "Marzano,C"]
[Result "0-1"]
[WhiteElo "1802"]
[BlackElo "2152"]

1.d4 d5 2.Nf3 Nf6 3.c4 c6 4.Nc3 a6 5.c5 g6 6.Bf4 Nh5 7.e3 Nxf4 8.exf4 Bg7
9.h3 O-O 10.Bd3 Qc7 11.Qd2 Re8 12.O-O-O b6 13.cxb6 Qxb6 14.Qc2 Bxd4 15.f5 Bxc3
16.bxc3 c5 17.fxg6 hxg6 18.Ne5 c4 19.Bxg6 fxg6 20.Nxg6 Kg7 21.Ne5 Rf8 22.Rd4 Bf5
23.Rg4+ Bxg4 24.hxg4 Rh8 25.Rxh8 Kxh8 26.Qf5 Qf6 27.Qh5+ Kg7 28.g5 Qxe5 29.Qh6+ Kg8
30.Qg6+ Kf8  0-1

[Event "FSGM August"]
[Site "Budapest HUN"]
[Date "2011.08.11"]
[Round "6"]
[White "Szabolcsi,J"]
[Black "Varga,Zo"]
[Result "1/2-1/2"]
[WhiteElo "2357"]
[BlackElo "2483"]

1.d4 d5 2.c4 c6 3.Nf3 Nf6 4.Nc3 a6 5.e3 b5 6.b3 Bg4 7.Be2 e6 8.h3 Bh5 9.g4 Bg6
10.Ne5 Nfd7 11.Nxg6 hxg6 12.Qc2 Be7 13.Bb2 Nf6 14.O-O-O Nbd7 15.c5 g5 16.Bd3 Qb8
17.Kb1 e5 18.Bf5 Qc7 19.Ne2 e4 20.Rdf1 g6 21.Bxd7+ Qxd7 22.Bc3 Qe6  1/2-1/2

[Event "20th ZMDI Open A"]
[Site "Dresden GER"]
[Date "2011.08.11"]
[Round "6.28"]
[White "Gottschlich,C"]
[Black "Neef,M"]
[Result "0-1"]
[WhiteElo "2350"]
[BlackElo "2023"]

1.d4 d5 2.c4 c6 3.Nc3 Nf6 4.Nf3 a6 5.c5 Bf5 6.h3 Nbd7 7.Bf4 g6 8.e3 Bg7 9.Be2 Be4
10.O-O Bxf3 11.Bxf3 O-O 12.b4 Ne8 13.Bg5 h6 14.Bh4 g5 15.Bg3 e5 16.Rc1 e4
17.Bh5 f5 18.Bxe8 Qxe8 19.Ne2 Qg6 20.a4 Nf6 21.Bd6 Rf7 22.b5 Nh5 23.bxc6 bxc6
24.Rb1 f4 25.Nc3 Bf8 26.Be5 Re8 27.Bb8 Re6 28.Qg4 Rf5 29.Rb6 Nf6 30.Qd1 Nd7
31.a5 Nxb6 32.axb6 Ref6 33.Re1 Qf7 34.Be5 Re6 35.Bc7 Qd7 36.Qa4 Qc8 37.Ra1 Rf7
38.Qa5 Re8 39.Na2 Qb7 40.Nb4 Ra8 41.Qa4 Rf6 42.Nxa6 f3 43.Qa2 h5 44.Qb1 fxg2
45.Nb4 Rxa1 46.Qxa1 Qc8 47.Kxg2 Rf3 48.Kg1 Rxh3 49.Qf1 Qg4+ 50.Bg3 h4 51.b7 hxg3
52.b8=Q gxf2+ 53.Kxf2 Rf3+ 54.Ke1 Rxf1+ 55.Kxf1 Qf3+ 56.Kg1 Qxe3+ 57.Kg2 Qxd4
58.Nxc6 Qxc5 59.Qe8 Qd6 60.Ne5 Qf6 61.Nd7 Qg7 62.Qd8 Qe7 63.Qc8 e3 64.Qc6 Qe4+
65.Kh2 Bg7 66.Qc8+ Kh7 67.Qc7 Qf4+ 68.Qxf4 gxf4 69.Kg2 Bd4 70.Kf3 Kg6 71.Nb8 Kg5
72.Nc6 Bc5 73.Na5 d4 74.Nb3 d3 75.Nxc5 d2 76.Ke2 f3+ 77.Kxf3 d1=Q+ 78.Kxe3 Qg1+  0-1